00539nam a22001697a 450000500170000001000130001702000130003003500130004303700160005608200110007210000300008324500780011324600590019126000470025027000490029730000230034620200106163331.0 aA-435600 c60.00a- aA-435600 bDBAD/PUBa- a841.08 aاے۔ بی۔ ا شر ف  aکچھ نۓ ا و ر پر ا نے شا عر cاے۔ بی۔ ا شر ف  bKuchh Naye Aur Purane Shair (Urdu)aby Dr.A.B.Ashraf aLahorebSang-e-Mail Publications,c1989 ء aChowk Urdu Bazar,bLahore(Pakistan)e-k-l- a240 ص c22 Cm(Hb)